|
|
|
|
| LEADER |
01018nam a2200217 a 4500 |
| 001 |
28912 |
| 003 |
BD-DhAAL |
| 005 |
20150301093535.0 |
| 008 |
150301s2001 bg 000 1 ben |
| 020 |
|
|
|a 9841801728
|
| 040 |
|
|
|a BD-DhAAL
|c BD-DhAAL
|
| 082 |
0 |
0 |
|a 891.44371
|2 22
|
| 100 |
1 |
|
|a বন্দ্যোপাধ্যায়, বিভূতিভূষণ
|9 8827
|
| 245 |
1 |
0 |
|a পথের পাঁচালী /
|c বিভূতিভূষণ বন্দ্যোপাধ্যায়
|
| 260 |
|
|
|a ঢাকা :
|b বিশ্বসাহিত্য কেন্দ্র,
|c ২০০১
|
| 300 |
|
|
|a ২২১ পৃ. ;
|c ২২ সে.মি.
|
| 541 |
|
|
|e 28912
|
| 650 |
|
0 |
|a Bangladesh
|v Fiction.
|9 8828
|
| 942 |
|
|
|2 ddc
|c BK
|
| 999 |
|
|
|c 33812
|d 33812
|
| 952 |
|
|
|0 0
|1 0
|2 ddc
|4 0
|6 891_443710000000000_BAN
|7 0
|9 52797
|a BRACUL
|b BRACUL
|c GEN
|d 2015-03-01
|e BRAC Institute of Language (BIL)
|l 10
|m 58
|o 891.44371 BAN
|p 3010028912
|q 2026-06-02
|r 2026-04-19
|s 2026-04-19
|t 1
|w 2015-03-01
|y BK
|x Transferred from BIL to BRACUL on 06/06/22
|